Programy zaměstnanosti.

Všeobecná charakteristika programu zamestnanosti. Zahraničné skúsenosti s programami zamestnanosti. Špecifickosť situácie v ČSFR. Etapy zostavovania programov zamestnanosti (poznanie situácie, návrh opatrení a ich realizácia). Organizačné zabezpečenie vypracovania podnikového programu. Úlohy na úrov...

Descripción completa

Guardado en:
Detalles Bibliográficos
Autor principal: Crha, M.
Formato: Capítulo de libro
Lenguaje:checo
Materias:
Etiquetas: Agregar Etiqueta
Sin Etiquetas, Sea el primero en etiquetar este registro!

MARC

LEADER 00000naa a2200000 4500
001 r004897
005 20221125081321.7
041 0 |a cze 
044 |a [CS] 
245 1 0 |a Programy zaměstnanosti.  |c M. Crha 
520 |a Všeobecná charakteristika programu zamestnanosti. Zahraničné skúsenosti s programami zamestnanosti. Špecifickosť situácie v ČSFR. Etapy zostavovania programov zamestnanosti (poznanie situácie, návrh opatrení a ich realizácia). Organizačné zabezpečenie vypracovania podnikového programu. Úlohy na úrovni organizácie a oblasti. Opatrenia a právomoc organizácií a oblastí. 
610 2 0 |a zamestnanosť 
610 2 0 |a ČSFR 
610 2 0 |a programy cieľové štátne 
610 2 0 |a zmeny štruktúrne 
610 2 0 |a rekvalifikácia 
100 1 |a Crha, M.